MARC

LEADER 00000nam0a2200000 4500
001 253830
005 20231101232859.0
010 |a 5120005985 
020 |a RU  |b 89-39651 
035 |a (RuTPU)RU\TPU\book\276245 
090 |a 253830 
100 |a 20140317d1989 k a0rusy5003 ca 
101 0 |a rus 
102 |a UA 
105 |a a z 001zy 
200 1 |a Тектоносфера Украины  |e сборник научных трудов  |f Академия наук Украинской ССР (АН УССР), Институт геофизики (ИГФ) ; под ред. А. В. Чекунова 
210 |a Киев  |c Наукова думка  |d 1989 
215 |a 188 с.  |c ил. 
320 |a Библиогр. в конце ст. 
606 1 |a Тектоносфера  |2 stltpush  |3 (RuTPU)RU\TPU\subj\58790  |9 76541 
610 1 |a УССР 
610 1 |a Украина 
610 1 |a эволюция 
610 1 |a литосфера 
610 1 |a тектонические процессы 
610 1 |a земная кора 
610 1 |a Украинский щит 
610 1 |a изученность 
610 1 |a глубинные зоны 
610 1 |a геолого-геофизические данные 
675 |a 551.2  |z rus  |v 3 
702 1 |a Чекунов  |b А. В.  |g Анатолий Васильевич  |4 340 
712 0 2 |a Академия наук Украинской ССР (АН УССР)  |b Институт геофизики (ИГФ)  |c (Киев)  |2 stltpush  |3 (RuTPU)RU\TPU\col\13865 
801 0 |a RU  |b RuMRKP  |c 19960704  |g psbo 
801 1 |a RU  |b 63413507  |c 20140317 
801 2 |a RU  |b 63413507  |c 20140429  |g RCR 
942 |c BK